Statistics for Emmy Best Comedy Series

Click here to take the quiz!

General Stats

  • This quiz has been taken 77 times
  • The average score is 30 of 67

Answer Stats

YearTV Show% Correct
2002Friends
88%
1993Seinfeld
85%
1983Cheers
75%
1989Cheers
75%
1991Cheers
75%
1984Cheers
75%
1997Frasier
67%
1994Frasier
67%
1995Frasier
67%
1996Frasier
67%
1998Frasier
67%
2011Modern Family
67%
2012Modern Family
67%
2013Modern Family
67%
2010Modern Family
67%
2014Modern Family
67%
1973All in the Family
62%
1978All in the Family
62%
1971All in the Family
62%
1972All in the Family
62%
2006The Office
62%
1953I Love Lucy
60%
1954I Love Lucy
60%
2017Veep
60%
2015Veep
60%
2016Veep
60%
200930 Rock
54%
200830 Rock
54%
200730 Rock
54%
2003Everybody Loves Raymond
54%
2005Everybody Loves Raymond
54%
1974M*A*S*H
54%
1975The Mary Tyler Moore Show
52%
1976The Mary Tyler Moore Show
52%
1977The Mary Tyler Moore Show
52%
1985The Cosby Show
50%
2001Sex and the City
48%
2000Will & Grace
46%
2004Arrested Development
44%
1981Taxi
44%
1980Taxi
44%
1979Taxi
44%
1966The Dick Van Dyke Show
38%
1965The Dick Van Dyke Show
38%
1964The Dick Van Dyke Show
38%
1986The Golden Girls
38%
1987The Golden Girls
38%
2018The Marvelous Mrs. Maisel
31%
1990Murphy Brown
23%
1992Murphy Brown
23%
1963The Bob Newhart Show
21%
1999Ally McBeal
19%
1988The Wonder Years
19%
1955Make Room for Daddy
15%
1969Get Smart
13%
1968Get Smart
13%
1967The Monkees
13%
1982Barney Miller
10%
1970My World and Welcome to It
10%
1957The Phil Silvers Show
10%
1956The Phil Silvers Show
6%
1952The Red Skelton Show
6%
1958Caesar's Hour
4%
1962The Jack Benny Program
4%
1960The Jack Benny Program
4%
1961The Art Carney Special
2%
1959The Phil Silvers Show
0%

Score Distribution

Percentile by Number Answered

Percent of People with Each Score

Your Score History

You have not taken this quiz